Quizzes
Events
Quiz Creation
Community
Videos
Private Events
Remove Ads
Sign In
Join for FREE
Feedback
Dark Mode
Quiz Categories
Sports
Geography
Music
Movies
Television
Just For Fun
Miscellaneous
History
Literature
Language
Science
Gaming
Entertainment
Religion
Holiday
For Kids
Quiz Lab
Recent
Popular Today
Quiz Kudos Today
Editor Picks
Curator Picks
Quizzes by...
Day
Popularity
Type
Ratings
Length
Year
Community
Subscriptions
Recent Discussions
Orange Saloon
Badges
Playlists
Quests
Create
Leaderboards
Showdown
Live 5
Trivia Bingo
Activity
Puzzle Library
Sporcle Events
Private Events
Virtual Trivia
Globe League
Become a Host
Pub Owners
SporcleCon
Opinionation
Our Games
Videos
Blog
Mobile Apps
Partnerships
Remove Ads and Go Orange
Feedback
Geography
Country
Landmarks
City
State
Population
World
Capital
Continent
Flags
Europe
Africa
Asia
South America
North America
Oceania
Border
Canada
United Kingdom
Topography
United States
Geography
Country
Landmarks
City
State
Population
World
Capital
Continent
Flags
Europe
Africa
Asia
South America
North America
Oceania
Border
Canada
United Kingdom
Topography
United States
Random Quiz
Search Sporcle
×
Quiz Lab
Quiz Lab
Geography
Europe
Type in answers that appear in a list
Type in answers that appear in a list
Classic
Best Score? Go Orange.
World Capital Stats
Can you name the World Capital?
By
DOLPHINV4
10m
197 Questions
15 Plays
15 Plays
15 Plays
Comments
Comments
Give Quiz Kudos
Give Quiz Kudos
-
- Ratings
hide this ad
Random Order
Randomize order of answers
Randomize order of answers
Replay
Link that replays current quiz
Next Quiz
Link to next quiz in quiz playlist
You Got
0%
They Got
Avg Score
41%
Avg Friend Score
Upgrade to see
Score Distribution
Jump to the score distribution portion of the page
Score
0/197
Timer
10:00
0
Plays Today
% Correct
Berlin
86.7%
Bern
86.7%
Athens
86.7%
Amsterdam
86.7%
Mexico City
86.7%
Moscow
80%
Beijing
80%
Oslo
80%
Ankara
73.3%
Rome
73.3%
Paris
73.3%
Lisbon
73.3%
Ottawa
73.3%
Panama City
73.3%
Reykjavik
66.7%
Helsinki
66.7%
Copenhagen
66.7%
Budapest
66.7%
Luxembourg
66.7%
Madrid
66.7%
Bogota
66.7%
Lima
66.7%
Buenos Aires
66.7%
Brasilia
66.7%
Cairo
66.7%
Tokyo
60%
New Delhi
60%
Stockholm
60%
Warsaw
60%
Bratislava
60%
Vienna
60%
Bucharest
60%
Vatican City
60%
Brussels
60%
Monaco
60%
London
60%
London
60%
Dublin
60%
Andorra la Vella
60%
Washington, D.C.
60%
Santiago
60%
Montevideo
60%
Astana
53.3%
Kabul
53.3%
Abu Dhabi
53.3%
Kuwait City
53.3%
Baghdad
53.3%
Amman
53.3%
Jerusalem
53.3%
Chisinau
53.3%
Kiev
53.3%
Riga
53.3%
Prague
53.3%
Ljubljana
53.3%
Belgrade
53.3%
Sarajevo
53.3%
San Marino
53.3%
Belmopan
53.3%
Guatemala City
53.3%
San Salvador
53.3%
Managua
53.3%
San Jose
53.3%
Caracas
53.3%
Quito
53.3%
La Paz
53.3%
Asuncion
53.3%
% Correct
Accra
53.3%
Pretoria
53.3%
Seoul
46.7%
Jakarta
46.7%
Kuala Lumpur
46.7%
Hanoi
46.7%
Bangkok
46.7%
Bishkek
46.7%
Ashgabat
46.7%
Tehran
46.7%
Damascus
46.7%
Nicosia
46.7%
Minsk
46.7%
Tallinn
46.7%
Skopje
46.7%
Sofia
46.7%
Podgorica
46.7%
Pristina
46.7%
Georgetown
46.7%
Bissau
46.7%
Freetown
46.7%
Abuja
46.7%
Brazzaville
46.7%
Addis Ababa
46.7%
Taipei
40%
Pyongyang
40%
Singapore
40%
Bandar Seri Begawan
40%
Phnom Penh
40%
Manila
40%
Dushanbe
40%
Kathmandu
40%
Islamabad
40%
Muscat
40%
Riyadh
40%
Doha
40%
Baku
40%
Zagreb
40%
Valletta
40%
Tegucigalpa
40%
Paramaribo
40%
Tunis
40%
Algiers
40%
Banjul
40%
Ouagadougou
40%
Bangui
40%
Kinshasa
40%
Bujumbura
40%
Sao Tome
40%
Asmara
40%
Djibouti
40%
Nairobi
40%
Harare
40%
Antananarivo
40%
Ulaanbaatar
33.3%
Dili
33.3%
Tashkent
33.3%
Male
33.3%
Colombo
33.3%
Dhaka
33.3%
Sana'a
33.3%
Manama
33.3%
T'bilisi
33.3%
Beirut
33.3%
Vilnius
33.3%
Vaduz
33.3%
% Correct
Tirana
33.3%
Khartoum
33.3%
Rabat
33.3%
Nouakchott
33.3%
Dakar
33.3%
Conakry
33.3%
Monrovia
33.3%
Porto-Novo
33.3%
Bamako
33.3%
Niamey
33.3%
Libreville
33.3%
Luanda
33.3%
Kigali
33.3%
Mogadishu
33.3%
Kampala
33.3%
Dar es Salaam
33.3%
Maputo
33.3%
Lilongwe
33.3%
Lusaka
33.3%
Port Louis
33.3%
Gaborone
33.3%
Mbabane
33.3%
Maseru
33.3%
Vientiane
26.7%
Naypyidaw
26.7%
Thimphu
26.7%
Yerevan
26.7%
Tripoli
26.7%
Lome
26.7%
Praia
26.7%
N'Djamena
26.7%
Yaounde
26.7%
Malabo
26.7%
Moroni
26.7%
Edinburgh
20%
Gibraltar
20%
Yamoussoukro
20%
Victoria
20%
Windhoek
20%
Hong Kong
13.3%
Flying Fish Cove
13.3%
Episkopi
13.3%
Douglas
13.3%
Hamilton
13.3%
Cayenne
13.3%
West Island
6.7%
Palermo
6.7%
Cardiff
6.7%
Belfast
6.7%
Macau
0%
Lhasa
0%
Diego Garcia
0%
West Bank
0%
Gaza
0%
Nuuk(Godthab)
0%
Longyearbyen
0%
Nordland
0%
Torshavn
0%
Mariehamn
0%
Saint Peter Port
0%
Saint Helier
0%
Saint-Pierre
0%
Stanley
0%
King Edward Point (Grytviken)
0%
El Aaiun
0%
Quiz Playlist
Details
Report
Send in Message
Add To Playlist
Classic:
Type in answers that appear in a list
Random Order:
Randomize order of answers
Last Updated: Feb 16, 2017
Quiz Scoreboard
CHALLENGE
Sign Up to Join the Scoreboard
Show All
Scores
Hide
Comments
May contain spoilers
Recently Published
1-10 Letter E Words III
by El_Dandy
Language
2m
One Thing in Common: World Cities II
by knightlancer
Geography
7m
Popular People in 1961
by mucciniale
History
6m
More to Explore
Quiz From the Vault
Featured Blog Post
Where Did the Easter Bunny Come From?
hide this ad
You Might Also Like...
Tags
Capital Quiz
Europe Quiz
Today's Top Quizzes in Geography
Browse Geography
hide this ad
Today's Top Quizzes in Europe
Browse Europe
Top Contributed Quizzes in Geography
1
Countries of the World - No Outlines Minefield
2
Top 25 Cities of France on a map
3
African Flag Reveal XLV
4
Closest Countries to UK A-Z
5
Blind Secret Country CLXXXVIII
6
Find the US States - No Outlines
7
One Thing in Common: Asia
8
One Thing in Common: United Kingdom
9
One Thing in Common: Geography
10
One Thing in Common: Around the World
Explore More
Trending Topics
Harry Potter
Kpop
Anime
Disney
Crossword
Marvel
NBA
WWE
NFL
Song
The Office
Pokémon
Puzzle
Country
Soccer
hide this ad
More By:
DOLPHINV4
Quiz
Plays
Rating
Category
Featured
Created
French: Animals 1
173
1.50
Language
Jul 13, 2010
French: Human Body
131
1.67
Language
Jul 14, 2010
French: Home
90
2.00
Language
Aug 13, 2010
French: Numbers
88
4.00
Language
Aug 25, 2010
French: Clothes
83
1.00
Language
Sep 2, 2010
Go to Creator's Profile
Score Distribution
Quiz Creator Spotlight
DOLPHINV4
Follow
Send a Message
Quizzes Created
-
Created Quiz Play Count
-
More By This Creator
Popular Quizzes Today
1
Find the US States - No Outlines Minefield
2
Find the Countries of Europe - No Outlines Minefield
3
The Countries of the World
4
Popular People in 1961
5
1-10 Letter E Words III
6
Find the US States
7
One Thing in Common: World Cities II
8
US States
More Geography Quizzes
Countries A-Z in Groups of 3
Quiz Lab
Trending Quizzes
Risky Map Clicking: Least Populous States A-Z
1-10 Letter F Words
1-10 Letter G Words
One Thing in Common: United Kingdom
Risky Map Clicking: Biggest States A-Z
Recently Updated
Leaping Animals
pecheneg
Reality TV Shows (A-Z)
bhenderson79
Rickey Henderson's Hall of Fame Teammates
pecheneg
Champions League XIs: Arsenal
pecheneg
Quick Pick: Celebrities in WWE's Hall of Fame
aduchscher
A-Z Keypad Blitz II
pecheneg
Multiple Oscar Actors
pecheneg
Mystery Phrase Blitz: Oscar 'Best Actors'
pecheneg
F. Scott Fitzgerald Novels
LTH
Pick 3 Villains
ddd62291
Trending Topics
Marvel
Harry Potter
Crossword
Disney
Anime
NBA
Kpop
Soccer
Puzzle
Song
Country
WWE
The Office
Pokémon
NFL
Your Account Isn't Verified!
In order to create a playlist on Sporcle, you need to verify the email address you used during registration. Go to your
Sporcle Settings
to finish the process.
Report this User
Report this user for behavior that violates our
Community Guidelines
.
Details:
Send Report
Go to the Sporcle.com Mobile Site →
Comments